Vyjsť zo "škatuľky " komika Josef Dvořák neustále prináša divákom dobrú zábavu

Podrobná bibliografia
Hlavní autori: Dvořák, Josef (Autor), Okrucký, Svetozár, 1951-2014 (Autor)
Médium: Článok
Jazyk:slovenčina
Fyzický popis:Obr. 1.
Predmet:

MARC

LEADER 00000nab a2200000 a 4500
001 vtls000236787
003 SK-MaSNL
005 20260302210532.0
008 160201c1985 xo 0 slo
015 |a SNBRB19rr/mm-uuuuu 
035 |a CL0246901 
040 |a SNKBUCL  |b slo  |c SNKBUCL  |e AACR2 
041 0 |a slo 
044 |a xo  |c SK 
080 |a 792.071.2  |2 1981 
080 |a 791.44.071.2  |2 1981 
080 |a 929 Dvořák, Josef  |2 1981 
100 1 |a Dvořák, Josef  |4 aut  |9 284991 
245 1 0 |a Vyjsť zo "škatuľky " komika  |b Josef Dvořák neustále prináša divákom dobrú zábavu  |c Josef Dvořák, Svetozár Okrucký 
300 |b Obr. 1. 
650 0 7 |a Dvořák, Josef  |2 snkbucl  |9 933626 
655 7 |a články z novín a časopisov  |2 snkbucl  |9 267496 
700 1 |a Okrucký, Svetozár,  |d 1951-2014  |4 aut  |9 169727 
773 0 |t Práca  |g Roč. 40, č. 307 (30. 12. 1985), s. 6 
850 |a Slovenská národná knižnica v Martine  |a MTA001 
852 |a SNK  |b KIS3GCP 
958 |a RK 
958 |a CZ 
992 |a RBX 
999 |c 1483070  |d 1485000